000 00315nam a2200133 a 4500
005 20140414132055.0
008 100520s19uu xx 00 eng d
050 _aREF 759.9492
_bB78 2000
100 _aBernard, Bruce
245 _aVan Gogh.
440 _aEyewitness books
650 _aVan Gogh
999 _c114289
_d114289